000 00633nam a2200205 a 4500
005 20240806064232.0
008 991125s1980 es 000 0 spa u
035 _aUPN01000000445
049 _aCG
050 4 _aBF173
_bA38
245 0 0 _aActas de la escuela freudiana /
_cselec. Claude Conte.
260 _aBarcelona, Esp. :
_bPetrel,
_c1980.
300 _a248 p.
500 _a"VII Congreso Roma 1974"
534 _pTítulo original:
_tLettres de l'ecole freudienne
600 1 4 _aFreud, Sigmund,
_d1856-1939
_xCrítica e interpretación
_97006
650 4 _aPsicoanálisis
_91572
700 1 _aConte, Claude,
_ecomp.
905 _aLibro
999 _c445
_d445